<?xml version="1.0" encoding="UTF-8"?>
<collection xmlns="http://www.loc.gov/MARC21/slim">
 <record>
  <leader>02297pmm a22002658a 4500</leader>
  <controlfield tag="001">00030328</controlfield>
  <controlfield tag="005">20171026081025.0</controlfield>
  <controlfield tag="008">130115s2009                  ||||||engsd</controlfield>
  <datafield tag="020" ind1="#" ind2="#">
   <subfield code="a">9780462004471</subfield>
  </datafield>
  <datafield tag="041" ind1="0" ind2="#">
   <subfield code="a">eng</subfield>
  </datafield>
  <datafield tag="082" ind1="1" ind2="4">
   <subfield code="a">428</subfield>
   <subfield code="b">A102T</subfield>
  </datafield>
  <datafield tag="100" ind1="1" ind2="#">
   <subfield code="a">Rilcy, Renald</subfield>
  </datafield>
  <datafield tag="245" ind1="1" ind2="0">
   <subfield code="h">nguồn liệu điện tử]</subfield>
   <subfield code="a">Achieve TOEFL IBT</subfield>
   <subfield code="b">Test preparation guide. MP3 CD. Tracrs 1-67</subfield>
   <subfield code="c">Renald Rilcy, Rawdon Wyatt</subfield>
  </datafield>
  <datafield tag="260" ind1="#" ind2="#">
   <subfield code="a">London</subfield>
   <subfield code="b">Marshall Cavendish Education</subfield>
   <subfield code="c">2009</subfield>
  </datafield>
  <datafield tag="300" ind1="#" ind2="#">
   <subfield code="a">1 CD</subfield>
   <subfield code="c">4 3/4 in.</subfield>
   <subfield code="e">Sách</subfield>
  </datafield>
  <datafield tag="653" ind1="#" ind2="#">
   <subfield code="a">Anh ngữ thực hành</subfield>
  </datafield>
  <datafield tag="653" ind1="#" ind2="#">
   <subfield code="a">Đĩa CD</subfield>
  </datafield>
  <datafield tag="653" ind1="#" ind2="#">
   <subfield code="a">Tiếng Anh</subfield>
  </datafield>
  <datafield tag="653" ind1="#" ind2="#">
   <subfield code="a">TOEFL IBT</subfield>
  </datafield>
  <datafield tag="700" ind1="1" ind2="#">
   <subfield code="a">Wyatt, Rawdon</subfield>
  </datafield>
  <datafield tag="852" ind1="#" ind2="#">
   <subfield code="j">DPT.0000507</subfield>
   <subfield code="j">DPT.0000508</subfield>
   <subfield code="j">DPT.0001053</subfield>
   <subfield code="j">DPT.0001054</subfield>
   <subfield code="j">DPT.0001055</subfield>
   <subfield code="j">DPT.0001059</subfield>
   <subfield code="j">DPT.0001060</subfield>
   <subfield code="j">DPT.0001062</subfield>
   <subfield code="j">DPT.0001063</subfield>
   <subfield code="j">DPT.0001065</subfield>
   <subfield code="j">DPT.0001068</subfield>
   <subfield code="j">DPT.0000509</subfield>
   <subfield code="j">DPT.0001071</subfield>
   <subfield code="j">DPT.0001072</subfield>
   <subfield code="j">DPT.0001074</subfield>
   <subfield code="j">DPT.0001075</subfield>
   <subfield code="j">DPT.0001077</subfield>
   <subfield code="j">DPT.0001078</subfield>
   <subfield code="j">DPT.0001080</subfield>
   <subfield code="j">DPT.0001081</subfield>
   <subfield code="j">DPT.0001083</subfield>
   <subfield code="j">DPT.0001084</subfield>
   <subfield code="j">DPT.0001086</subfield>
   <subfield code="j">DPT.0001087</subfield>
   <subfield code="j">DPT.0001089</subfield>
   <subfield code="j">DPT.0001090</subfield>
   <subfield code="j">DPT.0001092</subfield>
   <subfield code="j">DPT.0001093</subfield>
   <subfield code="j">DPT.0001095</subfield>
   <subfield code="j">DPT.0000510</subfield>
   <subfield code="j">DPT.0001056</subfield>
   <subfield code="j">DPT.0001057</subfield>
   <subfield code="j">DPT.0001066</subfield>
   <subfield code="j">DPT.0001067</subfield>
   <subfield code="j">DPT.0001052</subfield>
   <subfield code="j">DPT.0001058</subfield>
   <subfield code="j">DPT.0001061</subfield>
   <subfield code="j">DPT.0001064</subfield>
   <subfield code="j">DPT.0001069</subfield>
   <subfield code="j">DPT.0001070</subfield>
   <subfield code="j">DPT.0001073</subfield>
   <subfield code="j">DPT.0001076</subfield>
   <subfield code="j">DPT.0001079</subfield>
   <subfield code="j">DPT.0001082</subfield>
   <subfield code="j">DPT.0001085</subfield>
   <subfield code="j">DPT.0001088</subfield>
   <subfield code="j">DPT.0001091</subfield>
   <subfield code="j">DPT.0001094</subfield>
   <subfield code="j">DPT.0000317</subfield>
   <subfield code="j">DPT.0000506</subfield>
  </datafield>
  <datafield tag="852" ind1="#" ind2="#">
   <subfield code="j">DPT.0000317, DPT.0001300, DPT.0001301, DPT.0001302, DPT.0001303, DPT.0001304, DPT.0001305, DPT.0001306, DPT.0001307, DPT.0001308, DPT.0001309, DPT.0001310, DPT.0001311, DPT.0000506, DPT.0000507, DPT.0000508, DPT.0000509, DPT.0000510, DPT.0001052, DPT.0001053, DPT.0001054, DPT.0001055, DPT.0001056, DPT.0001057, DPT.0001058, DPT.0001059, DPT.0001060, DPT.0001061, DPT.0001062, DPT.0001063, DPT.0001064, DPT.0001065, DPT.0001066, DPT.0001067, DPT.0001068, DPT.0001069, DPT.0001070, DPT.0001071, DPT.0001072, DPT.0001073, DPT.0001074, DPT.0001075, DPT.0001076, DPT.0001077, DPT.0001078, DPT.0001079, DPT.0001080, DPT.0001081, DPT.0001082, DPT.0001083, DPT.0001084, DPT.0001085, DPT.0001086, DPT.0001087, DPT.0001088, DPT.0001089, DPT.0001090, DPT.0001091, DPT.0001092, DPT.0001093, DPT.0001094, DPT.0001095</subfield>
   <subfield code="b">Kho đa phương tiện</subfield>
  </datafield>
  <datafield tag="910" ind1=" " ind2=" ">
   <subfield code="d">15/01/2013</subfield>
  </datafield>
  <datafield tag="980" ind1="#" ind2="#">
   <subfield code="a">Trung tâm Học liệu Lê Vũ Hùng, Trường Đại học Đồng Tháp</subfield>
  </datafield>
 </record>
</collection>
